Reverse Dictionary #52 - Statistics

General Stats
  • This quiz has been taken 36 times
  • The average score is 18 of 25
Answer Stats
Definition First
Letter
Word % Correct
An explosive device used or intended as a weapon. B Bomb
94%
A medical facility, such as a hospital, especially one for the treatment and diagnosis of outpatients. C Clinic
94%
A dead body; a cadaver. C Corpse
94%
A plant, Allium sativum, related to the onion, having a pungent bulb much used in cooking. G Garlic
94%
A female servant or cleaner. M Maid
94%
A fee paid for some liberty or privilege, particularly for the privilege of passing over a bridge or on a highway, or for that of vending goods in a fair, market, etc. T Toll
94%
To lose blood through an injured blood vessel. B Bleed
91%
A contest between people, animals, vehicles, etc. where the goal is to be the first to reach some objective. R Race
91%
Someone who travels for pleasure rather than for business. T Tourist
88%
A book specially designed to keep photographs, stamps, or autographs. A Album
85%
A house of worship dedicated to a polytheistic faith. T Temple
82%
In the reproductive cycle, the stage after the fertilization of the egg that precedes the development into a fetus. E Embryo
79%
A given area distinguished on the basis of a particular characteristic, use, restriction, etc. Z Zone
79%
A theoretical line (physically or mentally) followed from a point of origin or towards a destination. May be relative (e.g. up, left, outbound, dorsal), geographical (e.g. north), rotational (e.g. clockwise), or with respect to an object or location (e.g. toward Boston). D Direction
76%
A short prayer of thanks before or after a meal. G Grace
73%
Any of various dishes commonly made by combining liquids, such as water or stock with other ingredients, such as meat and vegetables, that contribute flavor and texture. S Soup
73%
To gather together; amass. C Collect
64%
Unhappy; despondent. D Depressed
64%
A line marking the boundary of an object figure. O Outline
61%
(economics) Someone who trades money for goods or services as an individual. C Consumer
52%
A sphere of influence; an area or extent of activity, interest, or control. O Orbit
52%
The height or width of a tunnel, bridge or other passage, or the distance between a vehicle and the walls or roof of such passage; a gap, headroom. C Clearance
45%
(rhetoric) A proposition or statement supported by arguments. T Thesis
42%
An attitude or point of view. O Outlook
39%
The change of something that is defective, broken, inefficient or otherwise negative, in order to correct or improve it. R Reform
9%
No matching quizzes found
Score Distribution
Percent of People with Each Score
Percentile by Number Answered
Your Score History
You have not taken this quiz